00856nam a2200229Ia 4500003000900000008004100009020001800050040001600068080002000084111006700104245020000171260005000371300001600421490003900437650001800476650001900494650001200513700002100525700002300546700001900569710003800588IN-BaIIA211028s9999 xx 000 0 eng d a1-56396-809-6 cIIA Library a533(082.1)bPHY aworkshop on Physics of Dusty Plasmasn7thcColoradod1998 Apr. 0aPhysics of dusty plasmasbproceedings of the seventh workshop held in Boulder, Colorado, April 1998cedited by M. Horanyi, S. Robertson and B. Walch  aNew YorkbAmerican Institute of Physicsc1998 aviii, 330p. aAIP conference proceedings; v. 446 aDusty plasmas aPlasma physics aPlasmas aHoranyi, M., ed. aRobertson, S., ed. aWalch, B., ed. aAmerican Institute of Physics